[Event "Karl Mala Memorial op 09th"]
[Site "Frankfurt"]
[Date "2005.07.30"]
[Round "5"]
[White "Hirschberg, Leander"]
[Black "Lemonidis, Pascal"]
[Result "0-1"]
[WhiteElo "1070"]
[BlackElo "988"]
[PlyCount "58"]
[EventDate "2005.07.28"]
[EventType "swiss"]
[EventRounds "7"]
[EventCountry "GER"]
[SourceTitle "EXT 2006"]
[Source "ChessBase"]
[SourceDate "2005.11.24"]
[SourceVersion "1"]
[SourceVersionDate "2005.11.24"]
[SourceQuality "1"]

1. e4 e5 2. Nf3 Nc6 3. d4 exd4 4. Nxd4 Nf6 5. e5 Nxe5 6. Qe2 Bd6 7. f4 0-0 8. fxe5 Bxe5 9. Nf3 Re8 10. Nxe5 d6 11. Qd3 Rxe5+ 12. Be2 Bf5 13. Qc3 Rc5 14. Qg3 Kh8 15. Nc3 Qe7 16. Qe3 Re5 17. Qf2 Re8 18. Bf4 Re6 19. g3 Bxc2 20. Kd2 Ne4+ 21. Nxe4 Bxe4 22. Rhe1 Bh1 23. Bc4 d5 24. Rxe6 Qb4+ 25. Kd1 Rxe6 26. Bd3 Be4 27. Qxa7 Bf3+ 28. Kc2 Rc6+ 29. Kb1 Qe1+ 0-1